000 00318nam a22001217a 4500
008 160511b xxu||||| |||| 00| 0 eng d
020 _a9781455723706
020 _aISSN 00257125
041 _aeng
080 _a61
245 _aMedical clinics of north america / Pulmonary diseases:
_cAli I.Musani MD;
942 _2udc
_cBK
999 _c2054
_d2054